1 lettre pour un gros mot (click quiz) - Statistiques

Statistiques générales
  • Ce quiz a été pris 109 fois
  • Le résultat moyen est 8 sur 9
Statistiques - réponses
Hint Réponse % Correct
Pique ta mère N
99%
Galope S
99%
Encalé U
98%
Trou du cil U
96%
Bonne C
94%
Sac à loutre F
93%
Garage à mites B
92%
Petite bâte i
85%
Peine à fouir J
74%
Aucun quiz correspondant
Distribution des résultats
% des personnes avec chaque résultat
Percentile par nombre de réponses
Votre historique - résultats
Vous n’avez pas pris ce quiz